| 000 | 01850cam a22004574i 4500 | ||
|---|---|---|---|
| 003 | PE-LiUPU | ||
| 005 | 20250731183352.0 | ||
| 008 | 071002s2007 mx a g 000 0 spa d | ||
| 020 | _a9682480981 | ||
| 020 | _a9789682480980 | ||
| 035 | _a(Sirsi) i9789682480980 | ||
| 040 |
_aBNMEX _bspa _cBNMEX _dBDX _dUVMCP _dPE-LiUPU _erda |
||
| 049 | _aPRUA | ||
| 050 | 1 | 4 |
_aQA501 _bF47 |
| 082 | 0 | 4 |
_a720.284 _bF38 |
| 100 | 1 |
_aFernández Calvo, Silvestre, _eautor. |
|
| 245 | 1 | 3 |
_aLa geometría descriptiva aplicada al dibujo técnico arquitectónico / _cSilvestre Fernández Calvo. |
| 250 | _a2a ed. | ||
| 264 |
_aMéxico : _bTrillas, _c2007. |
||
| 300 |
_a131 páginas : _bilustraciobes ; _c27 centímetros. |
||
| 336 |
_atext _2rdacontent |
||
| 337 |
_aunmediated _2rdamedia |
||
| 338 |
_avolume _2rdacarrier |
||
| 504 | _aBibliografía : página 131. | ||
| 505 | 0 | _aRelaciones espaciales fundamentales -- Problemas de geometría -- Axometrías -- Intersecciones -- Sombras -- Relaciones espaciales arquitectónicas -- Axonometría en arquitectura -- Dibujos arquitectónicos. | |
| 526 | _aP158 | ||
| 526 | _aP146 | ||
| 526 | _aP17 | ||
| 526 | _aP12 | ||
| 526 | _aP06 | ||
| 650 | 1 | 4 | _aGeometría descriptiva. |
| 650 | 1 | 8 | _aDibujo arquitectónico. |
| 650 | 2 | 4 |
_aDibujo técnico. _94614 |
| 910 |
_ajck _bncf _cncf _d20160817 |
||
| 942 |
_2ddc _cBOOK |
||
| 949 |
_a720.284 F38 _wDEWEY _c1 _i74360 _d2016-9-29 _e2016-9-22 _lCCODEBUL1 _mBUL _n2 _p19.02 _r0 _sY _tBOOK _u2016-8-17 _xINGENIERIA _PP06 _0COMPRA _o.STAFF. Colección General |
||
| 994 |
_aC0 _bPEPRU |
||
| 596 | _a1 | ||
| 999 |
_a720.284 F38 _wDEWEY _c11930 _i74360 _d11930 _e2019-6-7 _f2021-11-9 _g7 _lCCODEBUL1 _mBUL _n7 _p19.02 _q1 _r0 _sY _tBOOK _u2016-8-17 _xINGENIERIA _PP06 _0COMPRA _o.STAFF. Colección General |
||
| 980 |
_81 _gALBERTO SANCHEZ Responsable de Automatización |
||